LIBRARY & INFORMATION CENTRE, KCAET, TAVANUR

ONLINE PUBLIC ACCESS CATALOGUE (OPAC)

Engineering Thermodynamics / (Record no. 10546)

MARC details
000 -LEADER
fixed length control field 00631cam a2200253ua 4500
020 ## - INTERNATIONAL STANDARD BOOK NUMBER
ISBN 0-07-096530-7
041 ## - LANGUAGE CODE
Language code of text/sound track or separate title eng
082 ## - DEWEY DECIMAL CLASSIFICATION NUMBER
Classification number 621.4021
Item number NAG/EN
100 ## - MAIN ENTRY--AUTHOR NAME
Personal name Nag, P K.
245 ## - TITLE STATEMENT
Title Engineering Thermodynamics /
250 ## - EDITION STATEMENT
Edition statement 1 /
260 ## - PUBLICATION, DISTRIBUTION, ETC. (IMPRINT)
Place of publication New Delhi :
Name of publisher Tata Mc-Graw Hill Publishing Company ,
Year of publication 1993.
300 ## - PHYSICAL DESCRIPTION
Number of Pages 559 :
Other physical details 506 ; .
500 ## - GENERAL NOTE
General note *CSS
942 ## - ADDED ENTRY ELEMENTS (KOHA)
Koha item type Books
Holdings
Withdrawn status Lost status Damaged status Home library Current library Date acquired Full call number Accession Number Koha item type Shelving location
      KAUAET KAUAET 07/04/2012 621.4021 18625 Books  
      KAUAET KAUAET 04/09/2018 621.4021 NAG/EN 18228 Book Bank scheme for SC students Scheme
      KAUAET KAUAET 04/09/2018 621.4021 NAG/EN 17956 Book Bank scheme for SC students Scheme
      KAUAET KAUAET 05/09/2018 621.4021 NAG/EN 18229 Book Bank scheme for SC students Scheme
      KAUAET KAUAET 05/09/2018 621.4021 NAG/EN 17957 Book Bank scheme for SC students Scheme
      KAUAET KAUAET 05/09/2018 621.4021 NAG/EN 18362 Book Bank scheme for SC students Scheme
free website counter